|
|
|
|
| LEADER |
00000nkmaa2200000 a 4500 |
| 001 |
vtls011909052 |
| 003 |
SK-MaSNL |
| 005 |
20260331211125.0 |
| 007 |
kh ao |
| 008 |
230802s1874 it | |||0 k|ita |
| 035 |
|
|
|a AA9F67B5-DD50-453A-B591-44D8BB542F4A
|
| 035 |
|
|
|a urn:nbn:sk:snk-km43i5i
|
| 035 |
|
|
|a urn:nbn:sk:snk-km00e7o4
|
| 040 |
|
|
|a SNKLA
|b slo
|c SNKLA
|e AACR2
|
| 041 |
0 |
|
|a ita
|
| 044 |
|
|
|a it
|c IT
|
| 100 |
1 |
|
|a Mioni, Luigi,
|d 1834-asi 1918
|4 pht
|9 194460
|
| 245 |
1 |
0 |
|a [Karol Michal Kuzmány s bratom Pavlom Vladimírom]
|h grafika
|
| 260 |
|
|
|a [S.l.
|b s.n.]
|c [1874]
|
| 300 |
|
|
|a 1 fotografia
|b v hnedom tóne
|c 11 x 7 cm
|
| 520 |
2 |
|
|a Zobrazenie: Karol Michal Kuzmány (sprava) s bratom Pavlom Vladimírom Kuzmánym v roku 1874.
|
| 600 |
1 |
7 |
|a Kuzmány, Karol Michal,
|d 1867-1911
|2 SNKMA
|9 618435
|
| 600 |
1 |
7 |
|a Kuzmány, Pavol Vladimír,
|d 1869-1945
|2 SNKMA
|9 618759
|
| 655 |
|
7 |
|a fotografie
|2 SNKPH
|9 70713
|
| 852 |
7 |
|
|a Slovenská národná knižnica v Martine
|b Literárny archív
|
| 958 |
|
|
|a ZO
|
| 958 |
|
|
|a BLA
|
| 999 |
|
|
|c 950495
|d 952425
|
| 952 |
|
|
|a SNKLA
|b SNKLA
|c SNKLA_DEP
|y NEVYP
|7 0
|p 17A1310607
|o snkSK 89/72
|i snkLA 2361/1959
|0 0
|1 0
|4 0
|d 2020-01-02
|f 1
|l 0
|r 2026-02-24 09:46:49
|w 2026-02-24
|